Contes fantasques et fantastiques / (Registro nro. 163609)
[ vista simple ]
| 000 -LEADER | |
|---|---|
| campo de control de longitud fija | 00724nam a22001815i 4500 |
| 001 - NÚMERO DE CONTROL | |
| campo de control | 163609 |
| 003 - IDENTIFICADOR DE NÚMERO DE CONTROL | |
| campo de control | ES-MaACL |
| 005 - FECHA Y HORA DE LA ÚLTIMA TRANSACCIÓN | |
| campo de control | 20230906212757.0 |
| 008 - DATOS DE LONGITUD FIJA--INFORMACIÓN GENERAL | |
| campo de control de longitud fija | 050715m18551900fr a | |||||||| ||fre d |
| 040 ## - FUENTE DE CATALOGACIÓN | |
| Centro catalogador/agencia de origen | CAM |
| Lengua de catalogación | spa |
| Centro/agencia transcriptor | CAM |
| 100 1# - ENTRADA PRINCIPAL--NOMBRE DE PERSONA | |
| Nombre de persona | Robert, Adrien. |
| 9 (RLIN) | 97798 |
| 245 10 - MENCIÓN DEL TÍTULO | |
| Título | Contes fantasques et fantastiques / |
| Mención de responsabilidad, etc. | Adrien Robert; illustrations d'Horace Castellf. |
| 260 ## - PUBLICACIÓN, DISTRIBUCIÓN, ETC. | |
| Lugar de publicación, distribución, etc. | Paris : |
| Nombre del editor, distribuidor, etc. | Charlieu frères et Huillery : |
| -- | Librairie Internationale, |
| Fecha de publicación, distribución, etc. | [s.a.] ( |
| Fabricante | Imprimerie L. Poupart-Davyl) |
| 300 ## - DESCRIPCIÓN FÍSICA | |
| Extensión | 282 p., [17] h. de lám. : |
| Otras características físicas | il. ; |
| Dimensiones | 26 cm. |
| 596 ## - NOTA AL PIE DE IMPRENTA | |
| NOTA AL PIE DE IMPRENTA | Probablemente impreso en la segunda mitad del siglo XIX. |
| 752 ## - ENTRADA AGREGADA--NOMBRE JERÁRQUICO DEL LUGAR | |
| País o entidad superior | Francia - |
| Ciudad | París |
| 852 ## - LOCALIZACIÓN | |
| Ubicación | ES-MaACL |
| Número de control de estantería | C-1719(1) |
| Nota libre | -- Enc. hol. |
| -- | -- Legado M. de la Fuente |
| Estatus retirado | Estado de pérdida | Estado de daño | No para préstamo | Biblioteca de origen | Biblioteca actual | Ubicación en estantería | Fecha de adquisición | Fuente de adquisición | Total de préstamos | Signatura topográfica completa | Código de barras | Visto por última vez | Precio de reemplazo | Tipo de ítem Koha |
|---|---|---|---|---|---|---|---|---|---|---|---|---|---|---|
| Biblioteca del Ateneo de Madrid | Biblioteca del Ateneo de Madrid | Galería | 17/01/2008 | C-1719(1) | 1171450 | 23/02/2023 | 23/02/2023 | Libro impreso |
